Testo della canzone - Volevo Essere Un Duro, Lucio Corsi - Statistics

Statistiche generali
  • Questo quiz è stato fatto 325 volte
    197 dall'ultimo reset
  • Il punteggio medio è 212 su 259
Statistiche sulle risposte
Testo % Corretto
duro
100%
È
100%
è
100%
E
100%
essere
100%
un
100%
Un
100%
Volevo
100%
volevo
100%
di
99%
I
99%
no
99%
a
98%
Che
98%
che
98%
da
98%
futuro
98%
futuro,
98%
la
98%
La
98%
lo
98%
Lo
98%
non
98%
Non
98%
del
97%
gli
95%
Ma
95%
robot,
95%
sumo
95%
Me
93%
o
93%
per
93%
importa
92%
lottatore
92%
io
91%
Io,
91%
mamma
91%
sono
91%
vita
91%
diceva
90%
gioco
90%
ragazzi"
90%
ragazzi
90%
"Vivere
90%
Vivere
90%
il
89%
Il
89%
nessuno
89%
cadevo
88%
dagli
88%
in
88%
mondo
88%
alberi
87%
giù
87%
Quanto
86%
ha
85%
ed
84%
hanno
84%
normali
84%
quelli
84%
occhi
82%
con
81%
faccia
81%
stazione
81%
Uno
81%
uno
81%
Alla
80%
alla
80%
Una
79%
una
79%
cane
78%
le
78%
lupo
78%
mi
78%
occhiali
77%
Però
77%
d'oro
76%
Se
76%
troppo
76%
buio
75%
negli
75%
sole
75%
Bolo
74%
ti
74%
dalle
73%
gallina
71%
Lucio
71%
poco
71%
uova
71%
paura
70%
Ho
69%
ho
69%
intorno
69%
amore
67%
fuga
67%
nato
67%
altro
66%
nero
66%
Porta
66%
anche
65%
Portese
63%
sputo
63%
mai
61%
prendo
61%
spaccino
61%
gazza
60%
perso
60%
fede
59%
indietro
59%
ladra
59%
ruba
59%
faccio
57%
lui
57%
medaglia
57%
Re
57%
botte,
56%
tempo
56%
lasciato
53%
luce"
50%
nel
50%
Così
47%
truccano
47%
"Stai
45%
tue
45%
attento
44%
fregature
44%
detto
43%
paure
43%
girasoli
42%
scippatore
39%
senza
39%
buche
38%
lune
38%
fondo,
33%
fuggire
33%
starnuto
32%
stella,
31%
inutile
30%
Cintura
29%
Invece
29%
judo
29%
bianca
28%
t'aspetta
26%
Perché,
23%
Nessun quiz corrispondente trovato
Distribuzione punteggi
Percentuale di utenti per punteggio
Percentile per numero di risposta
I tuoi punteggi nel tempo
Non hai fatto questo quiz dall'ultimo reset